Factores de riesgo asociados a la adherencia al tratamiento de tuberculosis en pacientes del hospital local de Arjona Bolivar en los años 2023-2024 / (Registro nro. 50253)

Detalles MARC
000 -LEADER
fixed length control field 02558nam a2200241 4500
005 - DATE AND TIME OF LATEST TRANSACTION
control field 20251212125046.0
008 - FIXED-LENGTH DATA ELEMENTS--GENERAL INFORMATION
fixed length control field 190415s2025 000 0 eng d
040 ## - CATALOGING SOURCE
Original cataloging agency CO-CtgCURN
Language of cataloging spa
Transcribing agency coctgcurn
082 0# - DEWEY DECIMAL CLASSIFICATION NUMBER
Classification number INQ 2025
Item number V722
100 1# - MAIN ENTRY--PERSONAL NAME
Personal name Villarreal Rizcala, Alena del Carmen.
245 10 - TITLE STATEMENT
Title Factores de riesgo asociados a la adherencia al tratamiento de tuberculosis en pacientes del hospital local de Arjona Bolivar en los años 2023-2024 /
Statement of responsibility, etc. Alena del Carmen Villarreal Rizcala; Nathiuska Alejandra Reales Mercado; asesores: Alberto Cuello; Jaime Alberto Lorduy Gómez.
260 ## - PUBLICATION, DISTRIBUTION, ETC.
Place of publication, distribution, etc. Cartagena de Indias :
Name of publisher, distributor, etc. Corporación Universitaria Rafael Nuñez,
Date of publication, distribution, etc. 2025.
300 ## - PHYSICAL DESCRIPTION
Extent 89 hojas.
504 ## - BIBLIOGRAPHY, ETC. NOTE
Bibliography, etc. note Trabajo de grado (Instrumentación quirúrgica). Corporación Universitaria Rafael Nuñez. Facultad de Ciencias de la Salud. Instrumentación Quirúrgica, 2025.
520 ## - SUMMARY, ETC.
Summary, etc. "La tuberculosis (TB) continúa siendo una de las enfermedades infecciosas más relevantes en salud pública, especialmente en contextos de vulnerabilidad social. El presente estudio tuvo como propósito identificar los factores de riesgo asociados a la adherencia al tratamiento antituberculoso en pacientes atendidos en el Hospital Local de Arjona, Bolívar, durante los años 2023 y 2024. Se empleó un enfoque cuantitativo, descriptivo y transversal, con una muestra intencional de 51 pacientes, todos pertenecientes al estrato socioeconómico 1. Los resultados evidenciaron que el 86,3% de los pacientes mantuvieron la adherencia al tratamiento, mientras que el 13,7% lo abandonaron. Los casos de abandono se concentraron en adultos jóvenes entre 17 y 34 años, con niveles educativos bajos, afiliados al régimen subsidiado o sin aseguramiento, y residentes predominantemente en zonas urbanas como Cartagena. Entre las causas más frecuentes del abandono se identificaron el traslado de residencia sin continuidad en el sistema de salud, la falta de respuesta a los llamados institucionales y las limitaciones económicas para transporte y alimentación. "
650 #0 - SUBJECT ADDED ENTRY--TOPICAL TERM
Topical term or geographic name entry element Instrumentación quirúrgica
Form subdivision Tesis y disertaciones academicas.
700 1# - ADDED ENTRY--PERSONAL NAME
Personal name Reales Mercado, Nathiuska Alejandra.
700 1# - ADDED ENTRY--PERSONAL NAME
Personal name Lorduy Gómez, Jaime Alberto,
Relator term Asesor.
700 1# - ADDED ENTRY--PERSONAL NAME
Personal name Cuello, Alberto,
Relator term Asesor.
856 ## - ELECTRONIC LOCATION AND ACCESS
Uniform Resource Identifier <a href="https://unicurn.sharepoint.com/:b:/s/biblioteca/IQBHhabnI-aGR43zLNukYy03AWXGh60iplkUMy3CIV6hxdo?e=nK77QS">https://unicurn.sharepoint.com/:b:/s/biblioteca/IQBHhabnI-aGR43zLNukYy03AWXGh60iplkUMy3CIV6hxdo?e=nK77QS</a>
Public note Click aqui para ver el recurso en texto completo
942 ## - ADDED ENTRY ELEMENTS (KOHA)
Source of classification or shelving scheme Dewey Decimal Classification
Koha item type Trabajos de grado
Classification part INQ 2025
Item part V722
Existencias
Withdrawn status Lost status Source of classification or shelving scheme Damaged status Not for loan Collection Home library Current library Shelving location Date acquired Source of acquisition Cost, normal purchase price Inventory number Total checkouts Full call number Barcode Date last seen Price effective from Koha item type
    Dewey Decimal Classification     Trabajos de grado Miguel Henríquez Emiliani Miguel Henríquez Emiliani Trabajo de grado 06/01/2019 El autor 350000.00 025684   INQ 2025 V722 025684 06/20/2019 06/20/2019 Trabajos de grado